000 01093cab a22001935a 4500
001 L138728
008 070705e20070630xxk f 000 0 eng d
035 _a(Sirsi) u138728
041 0 _aeng
100 1 _aMcIntosh, Angus
245 0 0 _aDepreciation delusion
260 _c2007
490 _aEstates Gazette
_v(0726) 30 June 2007, 154-156(3)
520 _aExamines how costs related to the need for sustainability will affect property investment. The valuing sustainable investment risk is applied through social cost benefit analysis, natural capitalism and population growth, and private investment appraisal. Investments analysis is detailed, and for the past 35 years shows the real rate of return to be 5.8% on UK commercial property. There may be adverse effects on the net present value of properties. Core value-added investments are most at risk. Core and opportunistic investments are not currently considered vulnerable.
590 _aKA
651 4 _aEngland and Wales
_y1543-
690 _aPROPERTY-PROPERTY FINANCE AND INVESTMENT-PROPERTY INVESTMENT APPRAISAL
942 _n0
999 _c78976
_d78976